Statistics for Daily U.S. State Riddle #12

Click here to take the quiz!

General Stats

  • This quiz has been taken 79 times
  • The average score is 31 of 34

Answer Stats

TypeAnswer% Correct
Found LetterA
100%
Alphabet LetterE
100%
Found LetterI
100%
Alphabet LetterM
100%
Found LetterN
100%
Alphabet LetterO
100%
Alphabet LetterR
100%
Alphabet LetterT
100%
Alphabet LetterG
99%
Alphabet LetterV
99%
Alphabet LetterC
97%
Found LetterD
97%
Correctly Placed LetterA
96%
Alphabet LetterL
96%
Alphabet LetterS
96%
Alphabet LetterH
94%
Alphabet LetterK
94%
Correctly Placed LetterN
94%
Alphabet LetterU
94%
Correctly Placed Letter
A
93%
Alphabet LetterW
93%
Alphabet LetterB
92%
Alphabet LetterY
92%
Alphabet LetterF
89%
Alphabet LetterZ
89%
Alphabet LetterX
87%
Alphabet LetterJ
86%
Alphabet LetterP
85%
Correctly Placed LetterD
79%
Correctly Placed LetterI
79%
Correctly Placed LetterI
79%
Mystery U.S. StateIndiana
79%
Correctly Placed LetterN
79%
Alphabet LetterQ
79%

Score Distribution

Percentile by Number Answered

Percent of People with Each Score

Your Score History

You have not taken this quiz